Etica y política (Record no. 93778)

MARC details
000 -LEADER
campo de control de longitud fija 00678nam a2200193 i 4500
001 - NÚMERO DE CONTROL
campo de control 93778
003 - IDENTIFICADOR DE NÚMERO DE CONTROL
campo de control ES-MaACL
007 - CAMPO FIJO DE DESCRIPCIÓN FÍSICA--INFORMACIÓN GENERAL
campo de control de longitud fija t|
008 - DATOS DE LONGITUD FIJA--INFORMACIÓN GENERAL
campo de control de longitud fija 050420s1984 sp ||||1| spa d
020 ## - NÚMERO INTERNACIONAL ESTÁNDAR DEL LIBRO
Número Internacional Estándar del Libro 84-86130-41-9
100 1# - ENTRADA PRINCIPAL--NOMBRE DE PERSONA
Nombre de persona López Frias, Francisco.
9 (RLIN) 73648
245 10 - MENCIÓN DEL TÍTULO
Título Etica y política
Resto del título : en torno al pensamiento de J. Ortega y Gasset /
Mención de responsabilidad, etc. Francisco López Frias.
260 ## - PUBLICACIÓN, DISTRIBUCIÓN, ETC.
Lugar de publicación, distribución, etc. Barcelona :
Nombre del editor, distribuidor, etc. Promociones Publicaciones Universitarias,
Fecha de publicación, distribución, etc. 1984.
300 ## - DESCRIPCIÓN FÍSICA
Extensión XXXVI, 368 p. ;
Dimensiones 21 cm.
490 1# - MENCIÓN DE SERIE
Mención de serie Biblioteca universitaria de filosofía ;
Designación de volumen o secuencia 4
830 0# - PUNTO DE ACCESO ADICIONAL DE SERIE-TÍTULO UNIFORME
Título uniforme Biblioteca universitaria de filosofía ;
Designación de volumen o secuencia 4
9 (RLIN) 184309
852 ## - LOCALIZACIÓN
Ubicación ES-MaACL
Número de control de estantería L-8607
Sublocalización o colección R.108669
Holdings
Estatus retirado Estado de pérdida Estado de daño No para préstamo Biblioteca de origen Biblioteca actual Ubicación en estantería Fecha de adquisición Fuente de adquisición Total de préstamos Signatura topográfica completa Código de barras Visto por última vez Precio de reemplazo Tipo de ítem Koha
        Biblioteca del Ateneo de Madrid Biblioteca del Ateneo de Madrid Depósito 2 17/01/2008     L-8607 1097932 23/02/2023 23/02/2023 Libro impreso